Classical Greece : ancient histories and modern archaeologies

Αποθηκεύτηκε σε:
Λεπτομέρειες βιβλιογραφικής εγγραφής
Άλλοι συγγραφείς: Morris, Ian, 1960- (Επιμελητής έκδοσης)
Μορφή: Βιβλίο
Γλώσσα:English
Δημοσίευση: Cambridge : Cambridge University Press, 1995
Σειρά:New directions in archaeology
Θέματα:
Ετικέτες: Προσθήκη ετικέτας
Δεν υπάρχουν, Καταχωρήστε ετικέτα πρώτοι!

MARC

LEADER 00000cam a2200000 i 4500
001 1/85873
008 990706s1995 eng d
020 |a 0-521-45678-9 
035 |l 10051948 
040 |a GR-MY-UA  |b gre  |e aacr 
041 0 |a eng 
082 0 |a 938.0072 
245 1 0 |a Classical Greece :  |b ancient histories and modern archaeologies /  |c Edited by Ian Morris 
260 |a Cambridge :   |b Cambridge University Press,   |c 1995 
300 |a 244 p. 
490 1 |a New directions in archaeology 
504 |a Includes bibliographical references and index 
650 0 0 |a Archaeology and history  |z Greece. 
651 0 |a Greece  |x Antiquities. 
651 0 |a Greece  |x Civilization  |y To 146 B.C. 
700 1 |a Morris, Ian,   |d 1960-  |4 edt 
830 0 |a New directions in archaeology 
852 |a INST  |b LESVOS  |e 19990706  |h 938.0072 CLA  |p 005100015890  |q 005100015890  |t BK  |y 0 
901 |a BIBL1-1999-2 
909 |a Λ  |b 066549 
970 |a ΚΑΜΑΤΣΟΥ  |b ΔΕΣΠΟΙΝΑ  |z 1999/07/06